General anthropology, (Record no. 65350)
[ view plain ]
| 000 -LEADER | |
|---|---|
| fixed length control field | 00821cam a2200229u 4500 |
| 001 - CONTROL NUMBER | |
| control field | 7403586 |
| 003 - CONTROL NUMBER IDENTIFIER | |
| control field | ARRUPE |
| 005 - DATE AND TIME OF LATEST TRANSACTION | |
| control field | 20170926122538.0 |
| 008 - FIXED-LENGTH DATA ELEMENTS--GENERAL INFORMATION | |
| fixed length control field | 821229s1944 wiuab 000 0 eng |
| 010 ## - LIBRARY OF CONGRESS CONTROL NUMBER | |
| LC control number | 45035839 |
| 040 ## - CATALOGING SOURCE | |
| Original cataloging agency | DLC |
| Transcribing agency | CarP |
| Modifying agency | DLC |
| 050 00 - LIBRARY OF CONGRESS CALL NUMBER | |
| Classification number | GN24 |
| Item number | .B6 1944 |
| 300 ## - PHYSICAL DESCRIPTION | |
| Other physical details | illus. (incl. map) diagrs. |
| Dimensions | 21 cm. |
| 100 1# - MAIN ENTRY--PERSONAL NAME | |
| Personal name | Boas, Franz, |
| Dates associated with a name | 1858-1942, |
| Relator term | ed. |
| 9 (RLIN) | 36248 |
| 245 10 - TITLE STATEMENT | |
| Title | General anthropology, |
| 260 ## - PUBLICATION, DISTRIBUTION, ETC. (IMPRINT) | |
| Place of publication, distribution, etc | [Madison, Wis.] |
| Name of publisher, distributor, etc | Pub. for the United States Armed forces institute by D. C. Heath and company |
| Date of publication, distribution, etc | [1944] |
| 300 ## - PHYSICAL DESCRIPTION | |
| Extent | xi, 718 p. |
| 650 #0 - SUBJECT ADDED ENTRY--TOPICAL TERM | |
| Topical term or geographic name as entry element | Anthropology. |
| 9 (RLIN) | 36249 |
| 650 #0 - SUBJECT ADDED ENTRY--TOPICAL TERM | |
| Topical term or geographic name as entry element | Anthropology |
| General subdivision | Study and teaching. |
| 9 (RLIN) | 36250 |
| 700 1# - ADDED ENTRY--PERSONAL NAME | |
| Personal name | Benedict, Ruth, |
| Dates associated with a name | 1887-1948. |
| 9 (RLIN) | 36251 |
| 710 2# - ADDED ENTRY--CORPORATE NAME | |
| Corporate name or jurisdiction name as entry element | United States Armed Forces Institute. |
| 9 (RLIN) | 36252 |
| 906 ## - LOCAL DATA ELEMENT F, LDF (RLIN) | |
| a | 0 |
| b | cbc |
| c | premunv |
| d | u |
| e | ncip |
| f | 19 |
| g | y-gencatlg |
| 942 ## - ADDED ENTRY ELEMENTS (KOHA) | |
| Source of classification or shelving scheme | Library of Congress Classification |
| Koha item type | Monograph ( Printed materials) |
| Withdrawn status | Lost status | Source of classification or shelving scheme | Damaged status | Not for loan | Collection code | Home library | Current library | Shelving location | Date acquired | Total Checkouts | Full call number | Barcode | Date last seen | Date checked out | Copy number | Price effective from | Koha item type |
|---|---|---|---|---|---|---|---|---|---|---|---|---|---|---|---|---|---|
| Library of Congress Classification | Main Collection | ARRUPE LIBRARY | ARRUPE LIBRARY | 05/03/2013 | 1 | GN24.B6 | 46004002637 | 03/10/2019 | 02/09/2019 | 1 | 05/03/2013 | Monograph ( Printed materials) |